Online
Catalog

Tribuna histórica / (Record no. 21548)

MARC details
000 -CABECERA
campo de control de longitud fija 01130nam a2200193 a 4500
001 - NÚMERO DE CONTROL
campo de control 000022050
005 - FECHA Y HORA DE LA ÚLTIMA TRANSACCIÓN
campo de control 20200930011548.0
008 - DATOS DE LONGITUD FIJA--INFORMACIÓN GENERAL
campo de control de longitud fija 100916s1989 dr 001 0 spa d
040 ## - FUENTE DE LA CATALOGACIÓN
Centro catalogador/agencia de origen DO-SdBNP
Lengua de catalogación spa
Centro/agencia transcriptor BNPHU
082 ## - NÚMERO DE LA CLASIFICACIÓN DECIMAL DEWEY
Número de clasificación 972.93
Número de documento/Ítem C744t
100 1# - ENTRADA PRINCIPAL--NOMBRE DE PERSONA
Nombre de persona Concepción, J. Agustín
9 (RLIN) 22539
245 10 - MENCIÓN DE TÍTULO
Título Tribuna histórica /
Mención de responsabilidad, etc. J. Agustín Concepción.
260 ## - PUBLICACIÓN, DISTRIBUCIÓN, ETC.
Lugar de publicación, distribución, etc. La Vega, República Dominicana :
Nombre del editor, distribuidor, etc. Comisión Organizadora Permanente de la Feria Nacional del Libro,
Fecha de publicación, distribución, etc. 1989.
300 ## - DESCRIPCIÓN FÍSICA
Extensión 76 p. ;
Dimensiones 22 cm.
505 0# - NOTA DE CONTENIDO CON FORMATO
Título Lucas Evangelista de Peña: su dimensión patricia --
-- Injusta imputación contra prócer mocano --
-- En defensa de Duarte --
-- Francisco José Peynado, aunténtico prócer ignorado --
-- Proyección dominicana del apostolado de Hostos --
-- Balaguer, único gobernante dominicano reelegido --
-- Fueron cuatro las veganas hermanas Villa --
-- Trujillo no siempre obligó, ni a todos ultrajó.
651 #4 - PUNTO DE ACCESO ADICIONAL DE MATERIA--NOMBRE GEOGRÁFICO
Nombre geográfico República Dominicana
Subdivisión general Historia
Subdivisión cronológica SIGLO XIX
Subdivisión de forma ENSAYOS, CONFERENCIAS, ETC.
9 (RLIN) 45697
651 #4 - PUNTO DE ACCESO ADICIONAL DE MATERIA--NOMBRE GEOGRÁFICO
Nombre geográfico República Dominicana
Subdivisión general Historia
Subdivisión cronológica SIGLO XX
Subdivisión de forma ENSAYOS, CONFERENCIAS, ETC.
9 (RLIN) 45698
910 ## - DATOS DE OPCIÓN DEL USUARIO (OCLC)
Datos de opción del usuario Validado. Control de calidad EMS
Holdings
Estado de retiro Estado de pérdida Restricciones de uso No para préstamo Código de colección Localización permanente Ubicación/localización actual Ubicación en estantería Fecha de adquisición Número de inventario Total de préstamos Signatura topográfica completa Código de barras Fecha visto por última vez Número de copia Precio válido a partir de Tipo de ítem Koha Nota pública
        Dominicana de Servicio General General Depósito 22.02.2011 LF1   972.93 C744t 22050-30 25.06.2020 e. 3 25.06.2020 Libro y Folleto Colección Dominicana de Servicio  
        Dominicana de Servicio General General Depósito 22.02.2011 LF1   972.93 C744t 22050-40 25.06.2020 e. 4 25.06.2020 Libro y Folleto Colección Dominicana de Servicio Perteneció a la biblioteca personal de la familia Reyes Duluc.
        Dominicana de Servicio General General Depósito 22.02.2011 LF1   972.93 C744t 22050-50 25.06.2020 e. 5 25.06.2020 Libro y Folleto Colección Dominicana de Servicio  
      Excluido de préstamo Patrimonio Dominicano Patrimonio Dominicano Patrimonio Dominicano Depósito 16.09.2010 LF1   972.93 C744t 22050-10 25.06.2020   25.06.2020 Libro y Folleto Colección Patrimonio Dominicano  
      Excluido de préstamo Patrimonio Dominicano Patrimonio Dominicano Patrimonio Dominicano Depósito 22.02.2011 LF1   972.93 C744t 22050-20 25.06.2020 e .2 25.06.2020 Libro y Folleto Colección Patrimonio Dominicano  

Powered by Koha